Epístolas Católicas. Apocalipsis (Registro nro. 63715)
[ vista simple ]
| 000 -LÍDER | |
|---|---|
| Campo fijo de descripción fija | 00414 a2200157 4500 |
| 003 - IDENTIFICADOR DEL NÚMERO DE CONTROL | |
| Campo de control | CO-MdFUSB |
| 005 - FECHA Y HORA DE LA ULTIMA TRANSACCIÓN | |
| control field | 20160601152711.0 |
| 008 - ELEMENTOS DE LONGITUD FIJA -- INFORMACIÓN GENERAL | |
| Campo fijo de descripción fija -- Información general | 160601b xxu||||| |||| 00| 0 eng d |
| 020 ## - NÚMERO INTERNACIONAL NORMALIZADO PARA LIBROS | |
| Número Internacional Normalizado del libro | 978-84-220-167-1 |
| 040 ## - FUENTE DE CATALOGACIÓN | |
| Agencia que realiza la transcripción | CO-MdFUSB |
| 100 ## - ASIENTO PRINCIPAL--NOMBRE PERSONAL | |
| Nombre personal | Salguero, Jose, OP |
| 245 ## - TÍTULO | |
| Título del Material | Epístolas Católicas. Apocalipsis |
| 250 ## - MENCIÓN DE EDICIÓN | |
| Mención de edición | Primera edición |
| 264 ## - PRODUCCIÓN, PUBLICACIÓN, DISTRIBUCIÓN, MANUFACTURA, Y COPYRIGHT | |
| Lugar de producción, publicación, distribución, manufactura | Biblioteca de Autores Cristianos |
| Fecha de producción, publicación, distribución, manufactura, o copyright | 2013 |
| 942 ## - TIPO DE MATERIAL (KOHA) | |
| Tipo de Item KOHA | Libros General |
No hay ítems disponibles.
